Normal view
MARC view
Entry Personal Name
001 - CONTROL NUMBER
- control field: 15310
003 - CONTROL NUMBER IDENTIFIER
- control field: ARRUPE
005 - DATE AND TIME OF LATEST TRANSACTION
- control field: 20150218131903.0
008 - FIXED-LENGTH DATA ELEMENTS
- fixed length control field: 150218|| aca||aabn | a|a d
040 ## - CATALOGING SOURCE
- Original cataloging agency: ARRUPE
- Transcribing agency: ARRUPE
100 ## - HEADING--PERSONAL NAME
- Personal name: Küster, Sybille.
670 ## - SOURCE DATA FOUND
- Source citation: Work cat.: (ARRUPE)0: Küster, Sybille., Neither cultural imperialism nor precious gift of civilization :, [1994?]